My Little Pony by Picture - Statistics

General Stats
  • This quiz has been taken 636 times
  • The average score is 11 of 16
Answer Stats
Picture Answer % Correct
Rainbow Dash
99%
Applejack
91%
Pinkie Pie
87%
Rarity
85%
Trixie Lulamoon
73%
Apple Bloom
71%
Granny Smith
70%
Nightmare Moon
68%
Shining Armor
68%
Princess Cadance
64%
Derpy
63%
Sweetie Belle
63%
Diamond Tiara
62%
Snips
55%
Photo Finish
41%
Carrot Cake
31%
No matching quizzes found
Score Distribution
Percent of People with Each Score
Percentile by Number Answered
Your Score History
You have not taken this quiz